书目信息 |
| 题名: |
力学
|
|
| 作者: | 赵凯华 , 罗蔚茵 编 | |
| 分册: | ||
| 出版信息: | 北京 高等教育出版社 1995.07 |
|
| 页数: | 490页 | |
| 开本: | 16开 | |
| 丛书名: | 新概念物理教程 | |
| 单 册: | ||
| 中图分类: | O3 | |
| 科图分类: | ||
| 主题词: | 力学 | |
| 电子资源: | ||
| ISBN: | 7-04-005509-0 | |
| 000 | 00588nam0 2200217 45 | |
| 001 | 0104030929 | |
| 005 | 20010412090324.2 | |
| 010 | @a7-04-005509-0@dCNY 33.70 | |
| 100 | @a20010403d1995 km y0chiy0120 ea | |
| 101 | 0 | @achi |
| 200 | 1 | @a力学@ALi Xue@f赵凯华,罗蔚茵编@FZhao Kai Hua,Luo Wei Yin Bian |
| 210 | @a北京@c高等教育出版社@d1995.07 | |
| 215 | @a490页@d16开 | |
| 225 | 2 | @a新概念物理教程 |
| 410 | 0 | @12001 @a新概念物理教程 |
| 606 | 0 | @a力学 |
| 690 | @aO3@v3 | |
| 701 | 0 | @a赵凯华@4编 |
| 701 | 0 | @a罗蔚茵@4编 |
| 801 | @aCN@bPftUser@c20010403 | |
| 905 | @dO3@eZH322@b337664-666@f3 | |
| 力学/赵凯华,罗蔚茵编.-北京:高等教育出版社,1995.07 |
| 490页;16开.-(新概念物理教程) |
| ISBN 7-04-005509-0:CNY 33.70 |
| ● |
| 相关链接 |
|
|
|
正题名:力学
索取号:O3/ZH322
 
预约/预借
| 序号 | 登录号 | 条形码 | 馆藏地/架位号 | 状态 | 备注 |
| 1 | 1574834 | 215748341 | 自科二线504/401自科库 50排5列5层/ | 在馆 | |
| 2 | 337664 | 203376649 | 自科二线504/504自科库 48排5列2层/ [索取号:O3/ZH322] | 在馆 | |
| 3 | 337665 | 203376658 | 自科二线504/504自科库 48排5列2层/ [索取号:O3/ZH322] | 在馆 | |
| 4 | 337666 | 203376667 | 自科二线504/504自科库 48排5列2层/ [索取号:O3/ZH322] | 在馆 |